Lana Del Rey Charting Songs (Billboard Hot 100) - Statistics

General Stats
  • This quiz has been taken 29 times
  • The average score is 11 of 18
Answer Stats
Album Weeks on Peak Song % Correct
Born to die 23 #6 Summertime sadness
95%
Ultraviolence 2 #17 West coast
86%
Lust for life 1 #64 Lust for life
82%
Midnights (Taylor Swift) 8 #4 Snow on the beach
82%
Ultraviolence 1 #70 Ultraviolence
82%
Born to die 1 #91 Video games
77%
single 21 #22 Young and beautiful
77%
Charlie's angels (Ariana Grande, Miley Cyrus) 7 #13 Don't call me angel
68%
Lust for life 2 #44 Love
68%
Honeymoon 3 #51 High by the beach
64%
Starboy (The Weeknd) 1 #61 Stargirl interlude
64%
single (Quavo) 5 #33 Tough
64%
NFR! 2 #59 Doin' time
55%
Ultraviolence 1 #79 Shades of cool
45%
Beauty behind the madness (The Weeknd) 3 #47 Prisoner
41%
single 3 #54 Say yes to heaven
41%
Hurry up tomorrow (The Weeknd) 1 #68 The Abyss
23%
single 1 #90 Henry, come on
9%
No matching quizzes found
Score Distribution
Percent of People with Each Score
Percentile by Number Answered
Your Score History
You have not taken this quiz